000 01191nam a2200181 i 4500
001 171130
003 ES-MaACL
005 20230906214539.0
008 090429s19511955sp |||| | spa d
080 _a94(460)
110 2 _aReal Academia de la Historia (España)
_96309
245 1 0 _aDiscursos leídos ante la Academia de la Historia,
_f1951-1955 /
_cReal Academia de la Historia.
260 _aMadrid :
_b[s.n.],
_c1951 (
_fImp. C. bermejo)
300 _a1 v. ;
_c25 cm.
505 8 _aContiene: Alvar García de Santa María cronista de Juan II de Castilla / Francisco Cantera y Burgos (246 p.) Contestación / Francisco Javier Sánchez Cantón (p. 247-264). El concepto de la epigrafía: consideraciones sobre la necesidad de su ampliación / Joaquín María de Navascués y de Juan (83 p., il. + 7 h. de lám.). Discurso / Manuel Gómez-Moreno y Martínez (p. 85-103). Algunos aspectos del mudejarismo urbano medieval / Leopoldo Torres Balbás (85 p.). Discurso / Emilio García Gómez (p. 87-99). El drama de Mosén Jacinto / Jesús Pabón Suárez de Urbina (311 p. + 2 fot.). Discurso / Duque de Maura (p. 313-330).
852 _aES-MaACL
_jK-138
852 _aES-MaACL
_jF-M-III-G-H
999 _c171130
_d171130